00597 2200205 4500001002100000005001500021035002000036007000300056008004100059020002200100082001100122084001700133100001600150245009400166250001100260260004600271300003400317650002100351990001900372INLIS00000000000735320251208113911 a0010-1225000024ta251208 | | ind  a978-623-244-440-9 a155.25 a155.25 FAH p1 aFahmi, Dzul1 aPersepsi :bBagaimana Sejatinya Persepsi Membentuk Konstruksi Berpikir Kita /cDzul Fahmi aCet. 1 aYogyakarta :bAnak Hebat Indonesia,c2020 a179 hlm :bilus ;c20 cmebib 4aSelf Improvement a45/yoma/h/2025